Primer Plan Nacional de Derechos Humanos 2018-2021.

Spremljeno u:
Bibliografski detalji
Autor kompanije: Subsecretaría de Derechos Humanos. Gobierno de Chile (autor)
Format: Knjiga
Jezik:engleski
Izdano: [Santiago, Chile]: [Subsecretaría de Derechos Humanos], 2017.
Teme:
Oznake: Dodaj oznaku
Bez oznaka, Budi prvi tko označuje ovaj zapis!

MARC

LEADER 00000nam a22000007a 4500
003 CL-VaPUC
005 20230921164239.0
008 230912t2017 ||||| |||| 00| 0 eng d
999 |c 441776  |d 441774 
040 |c Pontificia Universidad Católica de Valparaíso 
082 |2 22  |a 323.0983 SUB 2017 
110 |9 884576  |a Subsecretaría de Derechos Humanos.  |b Gobierno de Chile   |e autor 
245 |a Primer Plan Nacional de Derechos Humanos 2018-2021. 
260 |a [Santiago, Chile]:   |b [Subsecretaría de Derechos Humanos],   |c 2017. 
300 |a 280 páginas.  
500 |a c.1 Donación Rectoría 2022. 
583 |c 20230912  |k Yessy Sthefany Diaz Vidal 
650 0 |9 223025  |a Derechos humanos  |x Políticas públicas   |z Chile  
650 0 |9 223025  |a Derechos humanos  |x Educación social   |x Personas con discapacidad, migrantes, mujeres, etc.  |z Chile  
942 |2 ddc  |c BK 
952 |0 0  |1 0  |2 ddc  |4 0  |6 323_098300000000000_SUB_2017  |7 0  |8 A  |9 591512  |a BIBDER  |b BIBDER  |d 2023-09-12  |e Donación   |i 5658592  |o 323.0983 SUB 2017  |p 5658592  |r 2023-09-12  |t 1  |w 2023-09-12  |y BK  |k DER